Statistics for Art - General Knowledge #5

Click here to take the quiz!

General Stats

  • This quiz has been taken 118 times
  • The average score is 6 of 14

Answer Stats

HintAnswer% Correct
First Name of KlimtGustav
86%
Anonymous UK street artistBanksy
84%
City of Museo del PradoMadrid
74%
City of the RijksmuseumAmsterdam
73%
Abstract impressionist, also called "the Dripper" , painted 'no.5'Jackson Pollock
58%
Painted 'American Gothic'Grant Wood
48%
Painted 'View of Toledo'El Greco
39%
Painted 'The Weeping Woman' and 'Le Rêve (the dream)'Pablo Picasso
39%
Art movement of Mucha, Horta and KlimtArt Nouveau
23%
Painted 'Portrait of Doctor Gachet'Vincent van Gogh
20%
Painted 'The Dessert:Harmony in Red'Henri Matisse
16%
Klimt's protege, famous for self-portraits & twisted body shapesEgon Schiele
14%
Madonna's friend, activist and urban pop & graffiti artist of the 80'sKeith Haring
13%
Swiss pioneer of modern Architecture & Design, architect of Notre Dame du HautLe Corbusier
12%

Score Distribution

Percentile by Number Answered

Percent of People with Each Score

Your Score History

You have not taken this quiz